Normal view
MARC view
- Maeyer, Gregie de,
Entry Nombre Personal
001 - NUMERO DE CONTROL
- campo de control: 36463
003 - IDENTIFICADOR DE NUMERO DE CONTROL
- campo de control: UPN
005 - FECHA Y HORA DE LA ÜLTIMA TRANSACCIÓN
- campo de control: 20210219194514.0
008 - DATOS DE LONGITUD FIJA
- campo de control de longitud fija: nabaccnnaabn|||||||||| b |nc|||||d
035 ## - NUMERO DE CONTROL
- Número de control: UPN11000008570
040 ## - FUENTE DE CATALOGACIÓN
- Lenguaje de catalogación: SPA
- Agencia de transcripción: UPN
100 1# - ENCABEZAMIENTO - NOMBRE PERSONAL
- Nombre personal: Maeyer, Gregie de,
- Fechas asociadas con el nombre: 1951-1998
670 ## - FUENTE EN LA QUE SE LOCALIZARON DATOS
- Cita de la fuente: T
- Uniform Resource Identifier: http://www.bienvenidosalafiesta.com/index.php?mod=Indices&acc=VerFicha&autId=0000000AXO
680 ## - NOTA PUBLICA DE ACCESO PÚBLICO
- Frase explicativa de la referencia: En 1979 empezó a trabajar como ilustrador pero desde 1985 se ha dedicado sobre todo a escribir
902 ## - CATALOGADOR
- Catalogador: MCM/090215
